| 000 | 00606nam a2200157 a 4500 | ||
|---|---|---|---|
| 008 | 130823s2012 ||||||||||||||||| || u | ||
| 020 | _a9781906716325 | ||
| 050 | _aGB 401.5 Har | ||
| 100 | _aHarvey, Adrian | ||
| 245 | 1 | 0 |
_aIntroducing geomorphology: a guide to landforms and processes _cby Adrian Harvey |
| 260 |
_aEdinburgh: _bDunedin Academic Press Ltd _c2012 |
||
| 300 | _axii, 124p.: ill. | ||
| 650 | 0 | _aGEOMORPHOLOGY | |
| 650 | 0 | _aLANDFORMS | |
| 995 |
_FCBU-MAIN LIBRARY (Kitwe) _M1 _UAVAILABLE _WOct 30, 2013 _ZMain Library Open Access Collection |
||
| 999 |
_c47566 _d47566 |
||